Statistiken für Bekannte Persönlichkeiten aus Baden-Württemberg

Klicken Sie hier um das Quiz zu spielen!

Allgemein

  • Dieses Quiz wurde 181 mal gespielt
  • Das Durchschnittsergebnis liegt bei 12 aus 20

Antwortstatistiken

GeburtsjahrGeburtsortHinweisPerson% Korrekt
1879UlmPhysiker, stellte die Relativitätstheorie aufAlbert Einstein
96%
1844Mühlburg (Karlsruhe)Ingenieur und Automobilpionier, entwickelte das erste praxistaugliche AutomobilCarl Benz
92%
1967Leimenehemaliger Tennisspieler, jüngster Wimbledonsieger aller ZeitenBoris Becker
89%
1759Marbach am NeckarDichter ("Die Räuber", "Wilhelm Tell")Friedrich Schiller
87%
1921 / 1918Forchtenberg / CrailsheimSchwester und Bruder, Widerstandskämpfer im zweiten Weltkrieg, Opfer des NS-Justiz{Sophie} & {Hans Scholl}
83%
1967StuttgartFußballtrainer (Liverpool, Dortmund, Mainz) und ehemaliger -spielerJürgen Klopp
80%
1838KonstanzGraf, Militär und Erfinder des StarrluftschiffesFerdinand von Zeppelin
77%
1969Mannheimehemalige Tennisspielerin, gewann als einzige Person den Golden Slam (alle Grand Slam-Turniere + Olympia-Gold in einem Jahr)Steffi Graf
77%
1847Giengen an der BrenzUnternehmerin, Gründerin einer SpielwarenfabrikMargarete Steiff
63%
1940HeidelbergUnternehmer, Mitgründer eines der größten IT-Unternehmen, Mäzen der TSG 1899 HoffenheimDietmar Hopp
61%
1877CalwSchriftsteller ("Siddhartha","Der Steppenwolf"), bekam 1946 den Nobelpreis für LiteraturHermann Hesse
56%
1976KünzelsauAstronaut, erster deutscher ISS-KommandantAlexander Gerst
55%
1944WaiblingenPromi-FrisörUdo Walz
50%
1909 / 1903Offenburg / PhilippsburgEhepaar, Verleger, gründeten einen der größten Zeitschriftenverlage{Aenne} & {Franz Burda}
39%
1955StuttgartFilmregisseur in Hollywood (u.a. "Independence Day", "2012")Roland Emmerich
35%
1963Rheinfelden (Baden)Geigenvirtuosin, mit mehreren Platin- und Goldalben ausgezeichnetAnne-Sophie Mutter
34%
1571Weil der StadtAstronom und Naturphilosoph, präzisierte das Heliozentrische WeltbildJohannes Kepler
33%
1976Karlsruheehemalige Box-WeltmeisterinRegina Halmich
32%
1770Lauffen am NeckarDichter und Schriftsteller ("Hyperion", "Der Tod des Empedokles")Friedrich Hölderlin
26%
1980HeilbronnSchauspielerin ("Gegen die Wand", "Game of Thrones", Tatort Kiel)Sibel Kekilli
23%

Verteilung der Resultate

Perzentil nach korrekt beantworteten Fragen

Anzahl Personen mit jedem Resultat

Ihre Resultats-Entwicklung

Sie haben dieses Quiz noch nicht gespielt